000 00693nam a2200217 i 4500
001 87358
003 ES-MaACL
005 20230906175644.0
007 t|
008 041221s1969 mx ||||1| spa d
100 1 _aKrumbein, W. C.
_968914
245 1 0 _aEstratigrafía y sedimentación /
_cW.C. Krumbein y L.L. Sloss ; traducción de la segunda edición en inglés por Rafael García Díaz.
250 _a1ª ed.
260 _aMéxico :
_bUteha,
_c1969.
300 _aXVI, 778 p. :
_bil. ;
_c29 cm.
650 4 _aEstratigrafía.
_9136064
650 4 _aSedimentación.
_9136858
700 1 _aSloss, L. L.
_9106795
700 1 _aGarcía Díaz, Rafael.
_954537
852 _aES-MaACL
_jA-5993
999 _c87358
_d87358